| 000 | 00660cam a2200241 i 4500 | ||
|---|---|---|---|
| 001 | 000010096 | ||
| 005 | 20200929161836.0 | ||
| 008 | 790124s1977 ve 000 0 spa | ||
| 010 | _a78107462 | ||
| 020 | _cBs8.00 | ||
| 040 |
_aDO-SdBNP _cDLC _dDLC |
||
| 082 |
_aV862.44 _bC436r |
||
| 100 | 1 |
_aChalbaud, Román. _d1931- _925080 |
|
| 245 | 1 | 0 |
_aRatón en ferretería / _cRomán Chalbaud. |
| 260 |
_aCaracas : _bMonte Ávila, _c1977. |
||
| 300 |
_a94 p. ; _c16 cm. |
||
| 490 | 1 | _aTeatro | |
| 650 | 4 |
_aTeatro venezolano _923074 |
|
| 650 | 4 |
_aLiteratura española _9632 |
|
| 830 | 0 |
_aTeatro ; _95617 |
|
| 910 | _aCatalogación por copia / LC | ||
| 049 | _aBNGR | ||
| 999 |
_c9855 _d9855 |
||